000 00422nam a2200169Ia 4500
003 LK-CoDNM
008 010623t2005 xxu||||| |||| 00| 1 eng d
040 _aLK-CoDNM
_dLK-CoDNM
_eLK-CoDNM
041 _aeng
080 _ax 398 DIS
100 _aDissanayake, Wimal
245 _aEnabling Traditions
260 _bVisidunu publications
_aBoralesgamuwa
_c2005
300 _b159, 22 cm
650 _aCulture
942 _cBK
999 _c124332
_d124332